A descriptive catalogue of the ancient coins of Bangladesh in the Bangladesh National Museum / (Record no. 963)

MARC details
000 -LEADER
fixed length control field 00834nam a2200217 a 4500
003 - CONTROL NUMBER IDENTIFIER
control field BD-DhJNU
005 - DATE AND TIME OF LATEST TRANSACTION
control field 20241203052750.0
008 - FIXED-LENGTH DATA ELEMENTS--GENERAL INFORMATION
fixed length control field 191129s2018 bg a c f000 0 eng d
020 ## - INTERNATIONAL STANDARD BOOK NUMBER
International Standard Book Number 9789843390882
037 ## - SOURCE OF ACQUISITION
Source of stock number/acquisition Library of Congress -- New Delhi Overseas Office
040 ## - CATALOGING SOURCE
Original cataloging agency BD-DhJNU
Language of cataloging ENG
Transcribing agency BD-DhJNU
Modifying agency BD-DhJNU
082 04 - DEWEY DECIMAL CLASSIFICATION NUMBER
Classification number 737.409 DES
Edition number 23
110 2# - MAIN ENTRY--CORPORATE NAME
Corporate name or jurisdiction name as entry element Bangladesh National Museum,
Relator term author.
245 12 - TITLE STATEMENT
Title A descriptive catalogue of the ancient coins of Bangladesh in the Bangladesh National Museum /
Statement of responsibility, etc. prepared by Dr. Md. Shariful Islam.
264 #1 - PRODUCTION, PUBLICATION, DISTRIBUTION, MANUFACTURE, AND COPYRIGHT NOTICE
Place of production, publication, distribution, manufacture Dhaka :
Name of producer, publisher, distributor, manufacturer Bangladesh National Museum,
Date of production, publication, distribution, manufacture, or copyright notice 2018.
300 ## - PHYSICAL DESCRIPTION
Extent 544 pages :
Other physical details illustrations (colour) ;
Dimensions 30 cm.
650 #7 - SUBJECT ADDED ENTRY--TOPICAL TERM
Topical term or geographic name entry element Coins, Ancient.
Source of heading or term fast
Authority record control number or standard number (OCoLC)fst00866687
650 #7 - SUBJECT ADDED ENTRY--TOPICAL TERM
Topical term or geographic name entry element Gold coins.
Source of heading or term fast
Authority record control number or standard number (OCoLC)fst00944417
700 1# - ADDED ENTRY--PERSONAL NAME
Personal name Islam, Shariful,
Dates associated with a name 1971-
Relator term editor.
942 ## - ADDED ENTRY ELEMENTS (KOHA)
Koha item type Books
Holdings
Withdrawn status Lost status Source of classification or shelving scheme Damaged status Not for loan Collection Home library Current library Shelving location Date acquired Source of acquisition Total checkouts Full call number Barcode Date last seen Copy number Price effective from Koha item type
    Dewey Decimal Classification     Non-fiction Jagannath University Central Library Jagannath University Central Library General stacks 12/03/2024 Purchased   737.409 DES JNUCL35111 12/03/2024 1 12/03/2024 Books